000 00259nam a2200109Ia 4500
008 190216s9999||||xx |||||||||||||| ||und||
100 _aNil
245 2 _aA History Of English Literature
260 _bNull
650 _aEnglish Literature-History
942 _cBK
999 _c11583
_d11583